000 00811nam a2200229Ii 4500
003 JO-AjNU
008 230605s9999||||xx |||||||||||||| ||und||
017 _a2001/4165
020 _a9959-29-062-X
040 _aJO-AjNU
_bara
_erda
_cJO-AjNU
041 _aara
050 1 4 _aBP189 2002
100 3 _aخشيم، علي فهمي,
_eauthor
_917284
245 0 0 _aأحمد زروق والزروقية دراسة حياة وفكر ومذهب وطريقة
250 _aط3
264 3 1 _aبيروت: دار المدار الاسلامي، 2002
300 _a368ص
_bيتضمن ببلوغرافيا ص 316-363
336 _atext
_btxt
_2rdacontent
337 _aunmediated
_bn
_2rdamedia
338 _avolume
_bnc
_2rdacarrier
650 4 _aالزروقية- طرق صوفية- المتصوفون- تراجم
_917285
999 _aA5306
_c8874
_d8874